| 000 | 00813nas a2200241Ia 4500 | ||
|---|---|---|---|
| 001 | R111/44663 | ||
| 003 | IT-RoPAU | ||
| 008 | 151124c99999999xx |||||||||||| ||und|| | ||
| 040 | _aIT-RoPAU | ||
| 040 | _cIT-RoPAU | ||
| 041 | _aITALIANO | ||
| 100 |
_aSartori Carlo _gCodice Aut. SPICS: 1597 |
||
| 210 | _aCOMUNICAZIONE DI MASSA (SUGARCO) | ||
| 222 | _aComunicazione Di Massa (Sugarco) | ||
| 245 |
_aCOMUNICAZIONE DI MASSA (SUGARCO), ANNO 02-VOL.1 (1981) _bTelevisione Senza Frontiere Per Un'Europa Multinazionale |
||
| 250 | _a1a ed. | ||
| 260 |
_aMILANO _bSUGARCO _c1981 |
||
| 501 |
_bPaulus - SPICS - Società San Paolo EM (non-commercial uses only) _cCopyright2015 |
||
| 300 | _a11 p. [73-83] | ||
| 362 | _aANNO 002, VOL.1 (1981) | ||
| 650 |
_aCOMUNICAZIONE _vPUBBLICAZIONE PERIODICA |
||
| 942 | _cCR | ||
| 999 |
_c112783 _d112783 |
||